LEADER 02717cas a2200445 u 4500 001 000000004914 003 CaOOAMICUS 005 20070226104713.0 008 940514c19079999dcuqr1p u0 u eng u 022 0 $a0002-9300 035 $a10130836 040 $aMnMULS$bita$cMnMULS$dNAlULS$dNSDP$dDLC$dNSDP$dm.c.$dDLC$dNST$dAIP$dNSDP$dAIP$dOCoLC$dm/c$dNSDP$dNST$dOCoLC$dNST 082 $a341.05 130 4 $aThe American journal of international law$g[Spogli].$0(OLS)http://pul/title/7128 210 0 $aAm. j. int. law 222 00$aAmerican journal of international law 245 14$aThe American journal of international law. 260 $a[Washington, etc.] :$bAmerican Society of International Law [etc.] 300 $av. ;$c26 cm 362 0 $av. 1- Jan. 1907- 555 $aIncludes the cumulative Analytical index to the American journal of international law and supplements, and the proceedings of the American Society of International Law; vols. 1-14, 1907-20; vols. 15-34, 1921-40; vols. 35-54, 1941-60; vols. 55- 1961-70. 570 $aEditors: 1907-Apr. 1924, J. B. Scott and others; July 1924- G. G. Wilson and others. 650 0$aInternational law$xPeriodicals.$2//eng$0(OLS)http://pul/subject/4285 650 0$aInternational relations$xPeriodicals.$2//eng$0(OLS)http://pul/subject/4286 700 1 $aScott, James Brown,$d1866-1943.$0(OLS)http://pul/name/5115 700 1 $aWilson, George Grafton,$d1863-1951.$0(OLS)http://pul/name/5116 710 22$aAmerican Society of International Law.$tProceedings.$0(OLS)http://pul/name/5118 710 2 $aAmerican Society of International Law.$0(OLS)http://pul/name/5117 776 0 $tAmerican journal of international law.$d[Washington, etc.] : American Society of International Law [etc.], 1907- [S.l.] : Cambridge University Press $x2161-7953$w()172037 780 05$tProceedings of the American Society of International Law at its annual meeting$x0272-5045$g1971 785 03$tProceedings of the annual meeting - American Society of International Law$x0272-5037 850 $aPUL 852 $aPUL$W1$xSL Riviste Correnti$y14$m5-12/SL341.05Riv.1/DP1327.E$j6856$nSE-PRI$bv.82 (1988), v.84 (1990)-$qPeriodici$B6856$CPULBib$Z2$F6856 $82 941 1 $a5 996 $6022$a0002-9300$9(OLS)http://pul/number/6328 996 $6082$a341.05$9(OLS)http://pul/classification/98 996 $6210$aAm. j. int. law$9(OLS)http://pul/title/7129 996 $6222$aAmerican journal of international law$9(OLS)http://pul/title/7130 996 $6245$aThe American journal of international law$9(OLS)http://pul/title/7131 996 $6260$a[Washington, etc.] :$bAmerican Society of International Law [etc.]$9(OLS)http://pul/publisher/50674 LEADER 01526nam a2200337 u 4500 001 000000008081 003 CaOOAMICUS 005 20070226105044.0 008 940516s1991 it u000 u ita u 020 $a8834802837 035 $a10209189 040 $aPUL(R)$bita 245 00$aDiritto positivo e positività del diritto /$ca cura di Giuseppe Zaccaria ; S. Amato, C. Beduschi, A. Catania ... [et al.]. 260 $aTorino :$bG. Giappichelli,$c1991. 300 $a363 p. ;$c23 cm 490 1 $aRecta Ratio : testi e studi di filosofia del diritto.$aStudi ;$v14 650 4$aFilosofia del diritto.$0(OLS)http://pul/subject/620 650 4$aDiritto.$0(OLS)http://pul/subject/491 700 1 $aZaccaria, Giuseppe,$d1947-$0(OLS)http://pul/name/8060 700 1 $aCatania, Alfonso.$0(OLS)http://pul/name/8063 700 1 $aBeduschi, Carlo.$0(OLS)http://pul/name/8062 700 1 $aAmato, Salvatore.$0(OLS)http://pul/name/8061 830 0$aRecta Ratio : testi e studi di filosofia del diritto.$pStudi ;$v14.$0(OLS)http://pul/title/11789 850 $aPUL 852 $aPUL$W1$xDP1 Fondo Ciprotti$y59$m1540 D 17$j11444$nBK-PRI$b $qFondi$B11444$CPULBib$Z2$F11444 $H $81 941 1 $a1 960 $aDiritto$xFilosofia$9620 961 $aINV: F. Ciprotti 996 $6020$a8834802837$9(OLS)http://pul/number/10409 996 $6245$aDiritto positivo e positività del diritto$9(OLS)http://pul/title/11788 996 $6260$aTorino :$bG. Giappichelli$9(OLS)http://pul/publisher/49130 LEADER 01302nam a2200301 a 4500 001 000000172900 003 CaOOAMICUS 005 20191209170505.0 008 191209s2011 it u000 u ita r 020 $a978-88-8284-602-2* 032 $aLibriCat 040 $aPUL$bita 100 1 $aBignardi, Paola.$0(OLS)http://pul/name/93126 245 10$aDal catechismo degli adulti alla catechesi /$cPaola Bignardi, Dino e Marisa Biancardi. 260 $aRoma :$bA.V.E.,$c2011$aRoma :$bFondazione Apostolicam Actuositatem 300 $a164 p. ;$c20 cm 490 1 $aEducare oggi ;$v03 504 $aBibliografia in nota. 650 4$aEducazione$xAspetti morali e religiosi.$0(OLS)http://pul/subject/651 830 0$aEducare oggi ;$v03.$0(OLS)http://pul/title/184003 850 $aPUL 852 $aPUL$W1$xSL Diritto e Scienze Sociali 3$y79$m370 BIGPA 1$j196884$qDDC 21$B201644$CPULBib$Z2$F201644 $H133800 $82 941 1 $a9 996 $6020$a978-88-8284-602-2*$9(OLS)http://pul/number/166916 996 $6245$aDal catechismo degli adulti alla catechesi$9(OLS)http://pul/title/183902 996 $6260$aRoma :$bA.V.E.$9(OLS)http://pul/publisher/47979 996 $6260$aRoma :$bFondazione Apostolicam Actuositatem$9(OLS)http://pul/publisher/82578